| 000 | 00342nam a2200133Ia 4500 | ||
|---|---|---|---|
| 005 | 20251222140029.0 | ||
| 008 | 251222s1900||||xx |||||||||||||| ||spa|| | ||
| 020 | _a978-612-4102-10-3 | ||
| 082 | _a111.8/F41 | ||
| 100 | _aFernández Hart, Rafael | ||
| 245 | 0 | _aCreo luego Existo: | |
| 264 | _bUniversidad Antonio Ruiz de Montoya | ||
| 942 | _cLIB | ||
| 999 |
_c2909 _d2909 |
||